Capital to Country - Africa - Statistics

General Stats
  • This quiz has been taken 92 times
  • The average score is 41 of 54
Answer Stats
Capital Country % Correct
Algiers Algeria
99%
Djibouti City Djibouti
99%
Cairo Egypt
99%
Addis Ababa Ethiopia
97%
Cape Town/Bloemfontein/Pretoria South Africa
97%
Nairobi Kenya
96%
São Tomé São Tomé and Príncipe
94%
Tripoli Libya
93%
Tunis Tunisia
93%
Bissau Guinea-Bissau
91%
Dakar Senegal
91%
Kinshasa Democratic Republic of the Congo
90%
Abuja Nigeria
90%
Accra Ghana
88%
Antananarivo Madagascar
88%
Rabat Morocco
88%
Brazzaville Republic of the Congo
88%
Khartoum Sudan
87%
Luanda Angola
82%
Freetown Sierra Leone
82%
Mogadishu Somalia
82%
Windhoek Namibia
81%
Juba South Sudan
81%
Ouagadougou Burkina Faso
78%
N'djamena Chad
78%
Harare Zimbabwe
78%
Kampala Uganda
76%
Asmara Eritrea
74%
Monrovia Liberia
72%
Niamey Niger
72%
Kigali Rwanda
72%
Cotonou/Porto-Novo Benin
71%
Dodoma Tanzania
71%
Libreville Gabon
69%
Victoria Seychelles
69%
Conakry Guinea
66%
Lilongwe Malawi
66%
Port Louis Mauritius
66%
Lomé Togo
66%
Gaborone Botswana
65%
Yaoundé Cameroon
63%
Bamako Mali
63%
Bangui Central African Republic
62%
Lusaka Zambia
62%
Maputo Mozambique
60%
Yamoussoukro Côte d'Ivoire
57%
Banjul Gambia
57%
Nouakchott Mauritania
57%
Praia Cabo Verde
56%
Moroni Comoros
56%
Mbabane/Lobamba Eswatini
56%
Gitega Burundi
54%
Maseru Lesotho
53%
Malabo/Oyala Equatorial Guinea
49%
No matching quizzes found
Score Distribution
Percent of People with Each Score
Percentile by Number Answered
Your Score History
You have not taken this quiz